| Поле | Инд. | ПП | Название | Значение |
|---|---|---|---|---|
| Тип записи | a | |||
| Библиографический уровень | m | |||
| 001 | Контрольный номер | 6a89152e54e940fda1ab792b72ce8503 | ||
| 005 | Дата корректировки | 20161121134515.1 | ||
| 020 | a | ISBN | 978-5-716406-41-4 | |
| 040 | a | Служба первич. каталог. | НБ ТвГУ | |
| b | Код языка каталог. | rus | ||
| e | Правила каталог. | PSBO | ||
| 041 | 0_ | a | Код языка текста | rus |
| 080 | a | Индекс УДК | 796.012:612 | |
| 084 | a | Индекс другой классификации/Индекс ББК | Ч50 | |
| 090 | a | Полочн. индекс | Ч50 | |
| x | Авторский знак | З-38 | ||
| 097 | b | Оператор | mimoza3 | |
| 100 | 1_ | a | Автор | Захарьева Наталья Николаевна |
| q | Полное имя | Захарьева Н. Н. | ||
| 245 | 10 | a | Заглавие | Возрастная физиология спорта |
| b | Продолж. заглавия | монография | ||
| c | Ответственность | М-во спорта Рос. Федерации, Рос. гос. ун-т физ. культуры, спорта, молодежи и туризма (ГЦОЛИФК) | ||
| 260 | c | Дата издания | 2016 | |
| a | Место издания | Москва | ||
| b | Издательство | РГУФКСМиТ | ||
| 300 | a | Объем | 380 с. | |
| b | Иллюстрации/ тип воспроизводства | ил., табл. | ||
| 504 | a | Библиография | Библиогр. в конце гл. | |
| 653 | 0_ | a | Ключевые слова | Спорт |
| a | Ключевые слова | Физическая культура | ||
| a | Ключевые слова | Медико-биологические основы физического воспитания | ||
| a | Ключевые слова | Физиология спорта | ||
| a | Ключевые слова | Возрастная физиология | ||
| a | Ключевые слова | Возрастные периоды | ||
| a | Ключевые слова | Рост и развитие детей | ||
| a | Ключевые слова | Физические упражнения | ||
| 901 | t | Тип документа | m | |
| 920 | a | Оператор | Поля | |
| a | Оператор | Суха | ||
| a | Оператор | Стро | ||
| 930 | a | Новая/Ретро | новая | |
| 952 | c | Вид литературы | К рн | |
| 954 | b | Дата поступления в ОК | 20161118 | |
| a | Дата поступления на обработку | 20161118 | ||
| c | Дата окончания ОНО | 20161121 |